00838nam a2200265Ia 450000500170000000800410001702000180005810000260007624500450010225000180014730000250016549000150019065000450020565000490025065000370029965000420033694200150037826400300039333600270042333700330045033800280048304000350051108400110054699900150055720220317001541.0161108s2012 ck g 000 f s  a97895875838301 aBodoc, Lilianad1958-10aDiciembre súper álbumcLiliana Bodoc a1a. edición a126 páginasc23 cm aSerie roja142LEMBaNovela juvenil argentinaySiglo XX142LEMBaLiteratura juvenil argentinaySiglo XX142LEMBaAventuras en la literatura142LEMBaVida cotidiana en la literatura 2loccBKLIT aBogotábAlfaguarac2012 atextobtxt2rdacontent asin mediaciónbn2rdamedia avolumenbnc2rdacarrier aCO-BoRNBPbspaerdacCO-BoRNBP aN BOD1 c7329d7329